| 000 | 00445nam a22001817a 4500 | ||
|---|---|---|---|
| 005 | 20241017104740.0 | ||
| 008 | 241017b |||||||| |||| 00| 0 eng d | ||
| 020 | _a9789695900543 | ||
| 082 |
_a610 _bSAR-T |
||
| 100 | _aSarfraz Sakhira | ||
| 245 | _aTibbi Encyclopedia Amraz wo Sehat -3/ | ||
| 260 |
_aPakistan _bPunjab school _c2012 |
||
| 300 |
_a88P. _bill; _c27cm. |
||
| 490 | _vvol.3 | ||
| 650 | _aReference | ||
| 999 |
_c36679 _d36679 |
||